00275nam a2200121Ia 4500008004100000100001300041245002600054260003000080300000800110650001300118942000700131999001500138190216s9999||||xx |||||||||||||| ||und|| aAvadhani 0aInternational Finance bHimalaya Publishing House a501 aCommerce cBK c7315d7315